१६१ दिशा : जानेवारी २०११ (Record no. 836659)

MARC details
000 -LEADER
fixed length control field 01302nam a22001937a 4500
003 - CONTROL NUMBER IDENTIFIER
control field OSt
005 - DATE AND TIME OF LATEST TRANSACTION
control field 20120303103525.0
008 - FIXED-LENGTH DATA ELEMENTS--GENERAL INFORMATION
fixed length control field 110422t xxu||||| |||| 00| 0 eng d
040 ## - CATALOGING SOURCE
Transcribing agency विद्या प्रसारक मंडळ
100 ## - MAIN ENTRY--PERSONAL NAME
Personal name बेडेकर, विजय वा.
245 ## - TITLE STATEMENT
Title १६१ दिशा : जानेवारी २०११
260 ## - PUBLICATION, DISTRIBUTION, ETC. (IMPRINT)
Place of publication, distribution, etc ठाणे
Name of publisher, distributor, etc विद्या प्रसारक मंडळ
Date of publication, distribution, etc २०११
300 ## - PHYSICAL DESCRIPTION
Extent ४४
520 ## - SUMMARY, ETC.
Summary, etc बेडेकर, विजय वा.; नाडकर्णी, नरेंद्र; साने, यशवंत; गणपुले सविता; मठ,श. बं.; मोरे, दमोदर
600 ## - SUBJECT ADDED ENTRY--PERSONAL NAME
Personal name बेडेकर, विजय वा.; नाडकर्णी, नरेंद्र; साने, यशवंत; गणपुले सविता; मठ,श. बं.; मोरे, दमोदर
9 (RLIN) 469
700 ## - ADDED ENTRY--PERSONAL NAME
Personal name बेडेकर, विजय वा.; नाडकर्णी, नरेंद्र; साने, यशवंत; गणपुले सविता; मठ,श. बं.; मोरे, दमोदर
9 (RLIN) 470
856 ## - ELECTRONIC LOCATION AND ACCESS
Uniform Resource Identifier <a href="http://dspace.vpmthane.org:8080/jspui/bitstream/123456789/1457/1/161DishaJan2011.pdf">http://dspace.vpmthane.org:8080/jspui/bitstream/123456789/1457/1/161DishaJan2011.pdf</a>
942 ## - ADDED ENTRY ELEMENTS (KOHA)
Source of classification or shelving scheme Dewey Decimal Classification
Koha item type E-Journal
Holdings
Withdrawn status Lost status Source of classification or shelving scheme Damaged status Not for loan Home library Current library Date acquired Total Checkouts Barcode Date last seen Uniform Resource Identifier Price effective from Koha item type
    Dewey Decimal Classification     VPM Digital Repository VPM Digital Repository 04/22/2011   VPMDIGIJN161 04/22/2011 http://dspace.vpmthane.org:8080/jspui/bitstream/123456789/1457/1/161DishaJan2011.pdf 04/22/2011 E-Journal